[Event "British Columbia op"]
[Site "Richmond CAN"]
[Date "2014.02.10"]
[Round "6.9"]
[White "Harris, Philip"]
[Black "Beaudry, Lukas"]
[Result "0-1"]
[WhiteElo "1765"]
[BlackElo "2075"]
[PlyCount "96"]
[EventDate "2014.02.08"]
[EventType "swiss"]
[EventRounds "6"]
[EventCountry "CAN"]

1. d4 Nf6 2. c4 g6 3. Nc3 Bg7 4. e4 d6 5. Nf3 O-O 6. h3 a6 7. Bg5 c6 8. a4 Qc7
9. Be2 e5 10. O-O Nbd7 11. Qd2 Re8 12. d5 Nc5 13. Qc2 a5 14. Nd2 h6 15. Be3 Na6
16. Nb3 Nb4 17. Qd2 Kh7 18. Rad1 c5 19. Rfe1 Rg8 20. f4 exf4 21. Bxf4 Nd7 22.
Nb5 Qd8 23. Bxd6 b6 24. Rf1 Ne5 25. Bc7 Qh4 26. Qf4 g5 27. Qxh4 gxh4 28. Bxb6
Ra6 29. Bc7 Rg6 30. Rf2 Rg3 31. Nxc5 Bxh3 32. Bf1 Bg4 33. Be2 h3 34. Bxg4 Rxg4
35. Bxe5 Bxe5 36. Rdd2 hxg2 37. Rxg2 Bf4 38. Rxg4 Rxg4+ 39. Rg2 Be3+ 40. Kf1
Rxg2 41. Kxg2 Bxc5 42. e5 Kg7 43. Kf3 Kf8 44. Ke4 Ke7 45. Kf5 h5 46. Kg5 Nd3
47. d6+ Kd7 48. Kf6 h4 0-1

[Event "British Columbia op"]
[Site "Richmond CAN"]
[Date "2014.02.10"]
[Round "6.10"]
[White "Sullivan, Brian"]
[Black "Ingram, Richard"]
[Result "1/2-1/2"]
[WhiteElo "1586"]
[BlackElo "1835"]
[PlyCount "85"]
[EventDate "2014.02.08"]
[EventType "swiss"]
[EventRounds "6"]
[EventCountry "CAN"]

1. d4 Nf6 2. c4 e6 3. Nc3 Bb4 4. Qc2 O-O 5. a3 Bxc3+ 6. Qxc3 d5 7. e3 Nbd7 8.
Nf3 b6 9. cxd5 exd5 10. Bd3 c5 11. O-O Bb7 12. b3 Rc8 13. Be2 Re8 14. Qb2 Ne4
15. Bd2 Qf6 16. Rac1 g5 17. Bb5 Bc6 18. Bxc6 Rxc6 19. Bc3 Nxc3 20. Qxc3 g4 21.
Nd2 Qh4 22. e4 Rh6 23. Qg3 Qxg3 24. fxg3 dxe4 25. Rf4 Nf6 26. Nc4 cxd4 27. Nd6
Rd8 28. Nf5 Rh5 29. Rc6 Nd5 30. Rxg4+ Kf8 31. Nh6 Ke7 32. Rxe4+ Kd7 33. Nxf7
Kxc6 34. Nxd8+ Kd7 35. Ne6 d3 36. Nf4 Nxf4 37. gxf4 Rd5 38. Re1 h5 39. Kf2 d2
40. Rd1 Rd3 41. Ke2 Rxb3 42. Rxd2+ Ke6 43. Rd3 1/2-1/2

[Event "British Columbia-ch"]
[Site "Victoria CAN"]
[Date "2014.10.10"]
[Round "1.1"]
[White "Jiganchine, Roman"]
[Black "Wu, Howard"]
[Result "1/2-1/2"]
[WhiteElo "2208"]
[BlackElo "2224"]
[PlyCount "54"]
[EventDate "2014.10.10"]
[EventType "tourn"]
[EventRounds "7"]
[EventCountry "CAN"]

1. e4 c5 2. Nf3 Nc6 3. d4 cxd4 4. Nxd4 Nf6 5. Nc3 d6 6. Bg5 e6 7. Qd2 a6 8.
O-O-O Bd7 9. f3 Rc8 10. Kb1 Be7 11. h4 h6 12. Be3 h5 13. Bg5 b5 14. Nxc6 Bxc6
15. Ne2 d5 16. e5 Nd7 17. Bxe7 Qxe7 18. Qe3 Bb7 19. Nd4 Nb8 20. Bd3 Nc6 21.
Nxc6 Rxc6 22. f4 g6 23. Qf2 Kd7 24. Rhf1 Kc7 25. g3 Kb8 26. Qd4 b4 27. Rd2 Rhc8
1/2-1/2

[Event "British Columbia-ch"]
[Site "Victoria CAN"]
[Date "2014.10.10"]
[Round "1.2"]
[White "Sohal, Tanraj"]
[Black "Doknjas, John"]
[Result "1/2-1/2"]
[WhiteElo "2355"]
[BlackElo "2234"]
[PlyCount "79"]
[EventDate "2014.10.10"]
[EventType "tourn"]
[EventRounds "7"]
[EventCountry "CAN"]

1. d4 Nf6 2. c4 c5 3. d5 e6 4. Nc3 exd5 5. cxd5 d6 6. Nf3 g6 7. Bf4 a6 8. a4
Bg7 9. h3 O-O 10. e3 Ne8 11. Be2 Nd7 12. O-O Qe7 13. Nd2 Ne5 14. Bg3 f5 15. Re1
Nf6 16. f4 Nf7 17. Bf3 Re8 18. Qb3 Rb8 19. e4 fxe4 20. Ndxe4 Nxe4 21. Nxe4 Qd8
22. Bh2 Bf5 23. Ng3 Rxe1+ 24. Rxe1 Bd7 25. Ne4 b5 26. axb5 Rxb5 27. Qd3 Bxb2
28. Ng5 Nxg5 29. fxg5 Bf5 30. Qe2 Bc3 31. Rf1 Rb8 32. Qxa6 Qb6 33. Qe2 Be5 34.
Bg4 Bxg4 35. Qxg4 Bxh2+ 36. Kxh2 Qc7 37. Qe6+ Kg7 38. Qf6+ Kg8 39. Qe6+ Kg7 40.
Qf6+ 1/2-1/2

[Event "British Columbia-ch"]
[Site "Victoria CAN"]
[Date "2014.10.10"]
[Round "1.3"]
[White "Doknjas, Joshua"]
[Black "Cao, Jason"]
[Result "0-1"]
[WhiteElo "2215"]
[BlackElo "2373"]
[PlyCount "106"]
[EventDate "2014.10.10"]
[EventType "tourn"]
[EventRounds "7"]
[EventCountry "CAN"]

1. e4 d5 2. exd5 Qxd5 3. Nf3 Nf6 4. d4 Bg4 5. Be2 Nc6 6. c4 Qd6 7. d5 Bxf3 8.
Bxf3 Ne5 9. Be2 c6 10. Nc3 e6 11. Bf4 Nd3+ 12. Qxd3 Qxf4 13. O-O Rd8 14. Bf3
Bc5 15. Qe2 O-O 16. dxc6 Rd2 17. Qe1 bxc6 18. g3 Qh6 19. Ne4 Nxe4 20. Qxe4 Rxb2
21. Qxc6 Bd4 22. Rad1 Qf6 23. Qe4 e5 24. Rc1 Qa6 25. Rc2 Qxa2 26. Rxb2 Qxb2 27.
Qd5 Qc3 28. Be2 g6 29. Kg2 Rb8 30. h4 h5 31. Qd6 Rb6 32. Qd8+ Kg7 33. Qd5 Rb2
34. Bf3 Rc2 35. Qd8 Qb2 36. Be4 Rxf2+ 37. Rxf2 Qxf2+ 38. Kh3 Qf1+ 39. Bg2 Qxc4
40. Qa5 Qc8+ 41. Kh2 Qc1 42. Qd5 Bg1+ 43. Kh1 Qe1 44. Qf3 Bf2+ 45. Kh2 a5 46.
Qa3 Qe3 47. Qxe3 Bxe3 48. Bc6 f5 49. Kg2 e4 50. Kf1 Kf6 51. Ke2 Bc5 52. Be8 Bd6
53. Kf2 e3+ 0-1

[Event "British Columbia-ch"]
[Site "Victoria CAN"]
[Date "2014.10.10"]
[Round "1.4"]
[White "Yoos, John"]
[Black "Villavieja, Butch"]
[Result "1/2-1/2"]
[WhiteElo "2371"]
[BlackElo "2226"]
[PlyCount "100"]
[EventDate "2014.10.10"]
[EventType "tourn"]
[EventRounds "7"]
[EventCountry "CAN"]

1. e4 c5 2. Nf3 d6 3. c3 Nf6 4. h3 Qa5 5. Bd3 g6 6. O-O Bg7 7. Re1 O-O 8. Bf1
Nc6 9. Na3 Nh5 10. Nc2 e5 11. Ne3 Nf4 12. d4 Qd8 13. Nd5 g5 14. dxc5 dxc5 15.
Ne3 h6 16. Qc2 Qf6 17. Nf5 Bxf5 18. exf5 Rad8 19. g3 Nd5 20. h4 gxh4 21. Nxh4
Rfe8 22. Bd2 Rd6 23. Rad1 Red8 24. Bc1 a6 25. Nf3 Nde7 26. Rxd6 Qxd6 27. Nd2
Qd7 28. Bh3 Nd5 29. Ne4 Qe7 30. Qe2 Nf6 31. Nxf6+ Qxf6 32. Be3 Ne7 33. Qg4 b6
34. Qe4 Nd5 35. Bc1 Qe7 36. Bf1 a5 37. Bc4 Nf6 38. Qh4 Qd7 39. g4 b5 40. Bf1 c4
41. Bxh6 Bxh6 42. Qxh6 Nxg4 43. Qg5+ Kh7 44. Qh5+ Nh6 45. Rxe5 Rg8+ 46. Bg2 f6
47. Re3 Rg5 48. Qe8 Qd1+ 49. Re1 Rxg2+ 50. Kxg2 Qg4+ 1/2-1/2

[Event "British Columbia-ch"]
[Site "Victoria CAN"]
[Date "2014.10.11"]
[Round "2.1"]
[White "Wu, Howard"]
[Black "Villavieja, Butch"]
[Result "1-0"]
[WhiteElo "2224"]
[BlackElo "2226"]
[PlyCount "61"]
[EventDate "2014.10.10"]
[EventType "tourn"]
[EventRounds "7"]
[EventCountry "CAN"]

1. e4 c5 2. Nf3 d6 3. d4 cxd4 4. Nxd4 a6 5. c4 Nf6 6. Nc3 g6 7. Be2 Bg7 8. Be3
O-O 9. O-O Nc6 10. Qd2 Nxd4 11. Bxd4 Be6 12. Rac1 Qa5 13. Rfd1 Rfc8 14. Bxf6
exf6 15. Nd5 Qxd2 16. Rxd2 Bh6 17. Ne3 b5 18. b3 bxc4 19. Bxc4 Bxc4 20. Rxc4
Rd8 21. Rc6 Rdc8 22. Rdxd6 Bf4 23. Rxc8+ Rxc8 24. Rxa6 Rc1+ 25. Nf1 Be5 26. g3
Bd4 27. Rd6 Rd1 28. Kg2 Kf8 29. Kf3 Ke7 30. Rd5 Ke6 31. Ke2 1-0

[Event "British Columbia-ch"]
[Site "Victoria CAN"]
[Date "2014.10.11"]
[Round "2.2"]
[White "Cao, Jason"]
[Black "Yoos, John"]
[Result "1-0"]
[WhiteElo "2373"]
[BlackElo "2371"]
[PlyCount "71"]
[EventDate "2014.10.10"]
[EventType "tourn"]
[EventRounds "7"]
[EventCountry "CAN"]

1. e4 d6 2. d4 g6 3. c4 Bg7 4. Nc3 Nf6 5. f3 O-O 6. Be3 a6 7. Qd2 Nc6 8. h4 h5
9. Nge2 Rb8 10. Nc1 e5 11. d5 Nd4 12. Nb3 Nxb3 13. axb3 c5 14. Be2 Bd7 15. Kd1
Qc8 16. Kc2 b5 17. Rhg1 Qb7 18. Bg5 bxc4 19. Bxc4 Bb5 20. Qd3 Nh7 21. Be3 Qe7
22. Bxb5 axb5 23. Nxb5 Rfd8 24. Na7 Qxh4 25. Nc6 Bf8 26. Nxb8 Rxb8 27. Ra7 Qf6
28. Rga1 h4 29. Rh1 g5 30. Bd2 Kg7 31. g3 Be7 32. gxh4 gxh4 33. f4 Kf8 34. Rg1
Bd8 35. fxe5 Qxe5 36. Bh6+ 1-0

[Event "British Columbia-ch"]
[Site "Victoria CAN"]
[Date "2014.10.11"]
[Round "2.3"]
[White "Doknjas, John"]
[Black "Doknjas, Joshua"]
[Result "1-0"]
[WhiteElo "2234"]
[BlackElo "2215"]
[PlyCount "119"]
[EventDate "2014.10.10"]
[EventType "tourn"]
[EventRounds "7"]
[EventCountry "CAN"]

1. d4 d5 2. c4 dxc4 3. Nf3 Nf6 4. e3 e6 5. Bxc4 a6 6. O-O c5 7. dxc5 Qxd1 8.
Rxd1 Bxc5 9. Nbd2 Ke7 10. b3 b6 11. Bb2 Bb7 12. Be2 Nbd7 13. Nc4 Bd5 14. Nce5
Nxe5 15. Nxe5 Bb7 16. a3 b5 17. a4 bxa4 18. Rxa4 Nd5 19. Rc4 Bd6 20. Nc6+ Bxc6
21. Rxc6 Rac8 22. Rxc8 Rxc8 23. Bxa6 Rg8 24. Bc4 Nb6 25. Bd4 Nxc4 26. bxc4 Rc8
27. Rc1 f6 28. e4 e5 29. Be3 Bc5 30. Bxc5+ Rxc5 31. Kf1 Kd6 32. f3 Rc7 33. Rd1+
Kc5 34. Rd8 Kxc4 35. Kf2 Kc5 36. Kg3 Kc6 37. Kg4 Rd7 38. Rh8 Rd2 39. Kg3 h6 40.
Rg8 Rd7 41. Kg4 Rd2 42. g3 Rxh2 43. Rxg7 h5+ 44. Kf5 Rf2 45. f4 Kd6 46. Rf7
exf4 47. gxf4 h4 48. Rxf6+ Ke7 49. Rh6 Rh2 50. Kg4 Re2 51. e5 Rg2+ 52. Kxh4 Rg8
53. Kh5 Rg1 54. Rg6 Rh1+ 55. Kg5 Rg1+ 56. Kf5 Rh1 57. Rg7+ Kf8 58. Ra7 Rh6 59.
Ke4 Rh4 60. e6 1-0

[Event "British Columbia-ch"]
[Site "Victoria CAN"]
[Date "2014.10.11"]
[Round "2.4"]
[White "Jiganchine, Roman"]
[Black "Sohal, Tanraj"]
[Result "1/2-1/2"]
[WhiteElo "2208"]
[BlackElo "2355"]
[PlyCount "80"]
[EventDate "2014.10.10"]
[EventType "tourn"]
[EventRounds "7"]
[EventCountry "CAN"]

1. e4 e6 2. d4 d5 3. Nd2 Nc6 4. Ngf3 Nf6 5. e5 Nd7 6. Nb3 a5 7. a4 b6 8. Bb5
Na7 9. Be2 Be7 10. O-O c5 11. c3 O-O 12. Be3 Nc6 13. Ne1 Ba6 14. Bxa6 Rxa6 15.
f4 cxd4 16. Nxd4 Qc8 17. Nec2 Nxd4 18. Bxd4 Nc5 19. f5 exf5 20. Ne3 g6 21. Nxd5
Qd8 22. c4 Ne6 23. Bc3 Bc5+ 24. Kh1 Qh4 25. Qd3 Kg7 26. Rad1 Ra7 27. b3 Rd7 28.
Qf3 Qe4 29. Qh3 Qg4 30. Qxg4 fxg4 31. Nf6 Rxd1 32. Rxd1 h5 33. Ne4 Re8 34. Rd7
Kf8 35. g3 Re7 36. Rd5 Rc7 37. Nf6 Ke7 38. Ng8+ Kf8 39. Nf6 Ke7 40. Ng8+ Kf8
1/2-1/2

[Event "British Columbia-ch"]
[Site "Victoria CAN"]
[Date "2014.10.11"]
[Round "3.1"]
[White "Sohal, Tanraj"]
[Black "Wu, Howard"]
[Result "1-0"]
[WhiteElo "2355"]
[BlackElo "2224"]
[PlyCount "77"]
[EventDate "2014.10.10"]
[EventType "tourn"]
[EventRounds "7"]
[EventCountry "CAN"]

1. d4 d5 2. c4 e6 3. Nf3 Nf6 4. g3 Be7 5. Bg2 O-O 6. O-O dxc4 7. Ne5 Nc6 8.
Bxc6 bxc6 9. Nxc6 Qe8 10. Nxe7+ Qxe7 11. Qc2 Qd6 12. Na3 Bb7 13. Nxc4 Qxd4 14.
Rd1 Qc5 15. Ne3 Qb6 16. b3 Rfd8 17. Bb2 Ne4 18. Rac1 Rxd1+ 19. Qxd1 Bd5 20. Qd4
Qxd4 21. Bxd4 c6 22. Nxd5 cxd5 23. Bxa7 h5 24. Rc7 d4 25. a4 Nc3 26. Kf1 e5 27.
Rb7 Kh7 28. Rxf7 Kg6 29. Rd7 Rc8 30. a5 Ne4 31. b4 Rc1+ 32. Kg2 Rc2 33. b5 Rxe2
34. Kf3 Re1 35. b6 Ng5+ 36. Kg2 e4 37. Rxd4 Kf5 38. Rd5+ Kf6 39. Rxg5 1-0

[Event "British Columbia-ch"]
[Site "Victoria CAN"]
[Date "2014.10.11"]
[Round "3.2"]
[White "Doknjas, Joshua"]
[Black "Jiganchine, Roman"]
[Result "1-0"]
[WhiteElo "2215"]
[BlackElo "2208"]
[PlyCount "105"]
[EventDate "2014.10.10"]
[EventType "tourn"]
[EventRounds "7"]
[EventCountry "CAN"]

1. e4 c6 2. Nf3 d5 3. Nc3 Bg4 4. h3 Bxf3 5. Qxf3 Nf6 6. e5 Nfd7 7. Qg3 e6 8.
Be2 c5 9. d3 Nc6 10. f4 Nd4 11. Bd1 Nf5 12. Qf3 Qh4+ 13. Qf2 Qd8 14. Bg4 Nd4
15. Be3 Nc6 16. Ne2 d4 17. Bd2 Be7 18. O-O O-O 19. g3 Nb6 20. Bf3 Qd7 21. g4
Nd5 22. a3 Rad8 23. Rae1 Kh8 24. Be4 Qc7 25. Kh1 b5 26. Bg2 a5 27. Ng1 c4 28.
Nf3 Bc5 29. Ng5 Be7 30. f5 Ne3 31. Bxe3 dxe3 32. Qxe3 Bxg5 33. Qxg5 Nxe5 34. f6
Ng6 35. fxg7+ Kxg7 36. Qxb5 cxd3 37. cxd3 Rb8 38. Qg5 Qd8 39. Qd2 Qd4 40. Re2
Rfd8 41. Be4 a4 42. h4 Rb5 43. Ref2 Rf8 44. h5 Ne7 45. Rf6 Ng8 46. h6+ Kh8 47.
Rxf7 Rxf7 48. Rxf7 Nf6 49. Qc3 Qxc3 50. bxc3 Rb1+ 51. Kg2 Rb2+ 52. Kh3 Rf2 53.
Rf8+ 1-0

[Event "British Columbia-ch"]
[Site "Victoria CAN"]
[Date "2014.10.11"]
[Round "3.3"]
[White "Yoos, John"]
[Black "Doknjas, John"]
[Result "1-0"]
[WhiteElo "2371"]
[BlackElo "2234"]
[PlyCount "73"]
[EventDate "2014.10.10"]
[EventType "tourn"]
[EventRounds "7"]
[EventCountry "CAN"]

1. e4 c5 2. Nf3 d6 3. d4 cxd4 4. Nxd4 Nf6 5. Nc3 a6 6. Bg5 e6 7. f4 b5 8. Qd3
Be7 9. O-O-O b4 10. Nce2 Qc7 11. Ng3 Nbd7 12. Be2 Bb7 13. Bf3 h6 14. Bxf6 Nxf6
15. e5 dxe5 16. Nxe6 fxe6 17. Qg6+ Kf8 18. Bxb7 Qxb7 19. fxe5 Qc6 20. Rhf1 Qe8
21. Qe4 Kf7 22. Nh5 Rd8 23. exf6 Bxf6 24. Nxf6 gxf6 25. Qxb4 Qb5 26. Qc3 Qg5+
27. Kb1 Rxd1+ 28. Rxd1 Re8 29. Qd3 f5 30. g3 Qg4 31. Rf1 Qa4 32. b3 Qb5 33. Qf3
Kg6 34. a4 Qb6 35. g4 Rf8 36. Qg3 Kh7 37. Qe5 1-0

[Event "British Columbia-ch"]
[Site "Victoria CAN"]
[Date "2014.10.11"]
[Round "3.4"]
[White "Villavieja, Butch"]
[Black "Cao, Jason"]
[Result "0-1"]
[WhiteElo "2226"]
[BlackElo "2373"]
[PlyCount "68"]
[EventDate "2014.10.10"]
[EventType "tourn"]
[EventRounds "7"]
[EventCountry "CAN"]

1. e4 c5 2. Nf3 d6 3. d4 cxd4 4. Nxd4 Nf6 5. Nc3 a6 6. Bg5 Nbd7 7. Bc4 Qb6 8.
Bb3 e6 9. O-O Be7 10. Be3 Qa5 11. f4 Nc5 12. Qf3 O-O 13. f5 Nxb3 14. axb3 Qc7
15. Rf2 Rb8 16. g4 b5 17. g5 Nd7 18. Qh3 b4 19. g6 Nf6 20. gxf7+ Kh8 21. Nce2
Nxe4 22. fxe6 Nxf2 23. Bxf2 Rxf7 24. Qh5 Rf8 25. Bg3 Bb7 26. Nf4 Kg8 27. Nd5
Qd8 28. Nxb4 Bf6 29. Qg4 Qb6 30. c3 Bf3 31. Qh3 Bxd4+ 32. cxd4 Qxd4+ 33. Bf2
Qxb4 34. e7 Rf6 0-1

[Event "British Columbia-ch"]
[Site "Victoria CAN"]
[Date "2014.10.12"]
[Round "4.1"]
[White "Wu, Howard"]
[Black "Cao, Jason"]
[Result "0-1"]
[WhiteElo "2224"]
[BlackElo "2373"]
[PlyCount "80"]
[EventDate "2014.10.10"]
[EventType "tourn"]
[EventRounds "7"]
[EventCountry "CAN"]

1. e4 c5 2. Nf3 d6 3. d4 cxd4 4. Nxd4 Nf6 5. Nc3 a6 6. Bg5 Nbd7 7. Bc4 Qb6 8.
Bb3 e6 9. O-O Be7 10. Be3 Nc5 11. f3 O-O 12. Qe2 Qc7 13. Qf2 b5 14. Rfd1 Bb7
15. Qg3 Rfd8 16. a4 b4 17. Na2 Nxb3 18. cxb3 Rac8 19. Nxb4 d5 20. Qe1 dxe4 21.
Rac1 Bc5 22. Nbc6 Rd5 23. Na7 Rcd8 24. b4 e5 25. bxc5 exd4 26. Bf2 Rxc5 27. Qd2
Rxc1 28. Rxc1 Qb6 29. Qf4 Qxa7 30. Qc7 Qb8 31. Qb6 Bd5 32. Qxd4 exf3 33. Bg3
Qa8 34. Bc7 Re8 35. gxf3 Bxf3 36. Rc3 Ng4 37. Bg3 Rd8 38. Bd6 Qe4 39. Qd2 h5
40. h3 Rxd6 0-1

[Event "British Columbia-ch"]
[Site "Victoria CAN"]
[Date "2014.10.12"]
[Round "4.2"]
[White "Doknjas, John"]
[Black "Villavieja, Butch"]
[Result "1-0"]
[WhiteElo "2234"]
[BlackElo "2226"]
[PlyCount "99"]
[EventDate "2014.10.10"]
[EventType "tourn"]
[EventRounds "7"]
[EventCountry "CAN"]

1. d4 Nf6 2. c4 e6 3. Nc3 Bb4 4. e3 b6 5. Nge2 c5 6. a3 Ba5 7. Rb1 Na6 8. Bd2
Bb7 9. Ng3 O-O 10. f3 Re8 11. Bd3 d5 12. Nge2 Rc8 13. cxd5 cxd4 14. exd4 Bxc3
15. bxc3 Nxd5 16. Qa4 Ndc7 17. Qc2 Qh4+ 18. g3 Qh5 19. O-O g6 20. Nf4 Qa5 21.
a4 Bc6 22. Ra1 Nb8 23. c4 Qa6 24. d5 Nxd5 25. cxd5 Bxd5 26. Bxa6 Rxc2 27. Nxd5
exd5 28. Bb5 Re6 29. Bf4 Nc6 30. Rac1 Rc5 31. Rxc5 bxc5 32. Bxc6 Rxc6 33. Rc1
f5 34. Be3 c4 35. Bd4 Ra6 36. Ra1 Ra5 37. Kf2 Kf7 38. Ke3 Ke6 39. Kd2 Kd7 40.
Kc3 Ra6 41. f4 Kc7 42. Kb4 Kd7 43. Kb5 Rc6 44. Bxa7 c3 45. Bc5 Rc8 46. Rc1 Rb8+
47. Bb6 Kd6 48. Rxc3 d4 49. Rd3 Kd5 50. Rxd4+ 1-0

[Event "British Columbia-ch"]
[Site "Victoria CAN"]
[Date "2014.10.12"]
[Round "4.3"]
[White "Jiganchine, Roman"]
[Black "Yoos, John"]
[Result "1-0"]
[WhiteElo "2208"]
[BlackElo "2371"]
[PlyCount "101"]
[EventDate "2014.10.10"]
[EventType "tourn"]
[EventRounds "7"]
[EventCountry "CAN"]

1. e4 c5 2. Nf3 d6 3. d4 cxd4 4. Nxd4 Nf6 5. Nc3 Bd7 6. Bg5 e6 7. Qd2 a6 8. f3
h6 9. Be3 b5 10. O-O-O Qc7 11. Kb1 Qb7 12. g4 Nc6 13. Nxc6 Bxc6 14. Rg1 d5 15.
e5 Nd7 16. Bd4 b4 17. Ne2 Bb5 18. f4 O-O-O 19. f5 Re8 20. fxe6 fxe6 21. Nf4 Rg8
22. Ng6 a5 23. Qf2 Be7 24. h4 Bd8 25. Qf7 Kb8 26. h5 Bg5 27. Qf2 Ka8 28. Bxb5
Qxb5 29. Rd3 Nb8 30. Bc5 Nc6 31. Bd6 Bd8 32. Rf1 Bb6 33. Qf7 Nd8 34. Qf3 Nc6
35. Qf7 Nd8 36. Qf3 Qd7 37. c4 bxc3 38. Rxc3 Nb7 39. Ba3 Rc8 40. Rfc1 d4 41.
Rc6 Rxc6 42. Rxc6 Ba7 43. Nf8 Qe8 44. Nxe6 Kb8 45. Qb3 Qxc6 46. Bd6+ Kc8 47.
Nxd4 Qe4+ 48. Kc1 Qe1+ 49. Kc2 Qf2+ 50. Kc1 Bxd4 51. Qe6+ 1-0

[Event "British Columbia-ch"]
[Site "Victoria CAN"]
[Date "2014.10.12"]
[Round "4.4"]
[White "Sohal, Tanraj"]
[Black "Doknjas, Joshua"]
[Result "1-0"]
[WhiteElo "2355"]
[BlackElo "2215"]
[PlyCount "73"]
[EventDate "2014.10.10"]
[EventType "tourn"]
[EventRounds "7"]
[EventCountry "CAN"]

1. d4 d5 2. c4 dxc4 3. Nf3 Nf6 4. e3 Bg4 5. Bxc4 e6 6. h3 Bh5 7. g4 Bg6 8. Ne5
Nbd7 9. Nxg6 hxg6 10. Qf3 c6 11. Nc3 Be7 12. Bd2 Nb6 13. Bb3 Nfd7 14. O-O-O a5
15. a3 Qc8 16. Kb1 Nd5 17. e4 Nxc3+ 18. Bxc3 O-O 19. h4 c5 20. h5 c4 21. Ba4
Bg5 22. Qh3 Nf6 23. hxg6 fxg6 24. Bc2 Bh6 25. g5 Bxg5 26. Qg3 Nh7 27. Rxh7 Kxh7
28. Qxg5 b5 29. e5 Rxf2 30. Qh4+ Kg8 31. Qxf2 b4 32. Bxg6 Qb7 33. Qh4 Qf3 34.
Qh7+ Kf8 35. Qh8+ Ke7 36. Qxg7+ Kd8 37. Qf6+ 1-0

[Event "British Columbia-ch"]
[Site "Victoria CAN"]
[Date "2014.10.12"]
[Round "5.1"]
[White "Doknjas, Joshua"]
[Black "Wu, Howard"]
[Result "1-0"]
[WhiteElo "2215"]
[BlackElo "2224"]
[PlyCount "129"]
[EventDate "2014.10.10"]
[EventType "tourn"]
[EventRounds "7"]
[EventCountry "CAN"]

1. e4 c5 2. Nf3 Nc6 3. Bb5 g6 4. O-O Bg7 5. Re1 e6 6. Bxc6 dxc6 7. d3 e5 8. a3
Ne7 9. b4 cxb4 10. axb4 O-O 11. Be3 b6 12. Nbd2 Be6 13. Ng5 Bd7 14. Ra6 h6 15.
Ngf3 f5 16. Nc4 f4 17. Bd2 Bc8 18. Ra3 g5 19. Bc3 b5 20. Ncxe5 g4 21. Nh4 h5
22. Qa1 Qd6 23. Nc4 bxc4 24. Bxg7 Rf7 25. Be5 Qh6 26. d4 Qg5 27. g3 fxg3 28.
fxg3 Be6 29. Qc1 Qxc1 30. Rxc1 Kh7 31. Rf1 Rxf1+ 32. Kxf1 Rf8+ 33. Ke2 Nc8 34.
Ng2 Rf7 35. Nf4 Bd7 36. Nxh5 Kg6 37. Nf4+ Kg5 38. Kf2 Be8 39. Kg2 Rb7 40. h4+
Kh6 41. c3 Nb6 42. Bd6 Bf7 43. Bc5 Bg8 44. Bxb6 axb6 45. Ra8 Bh7 46. e5 Be4+
47. Kf2 Re7 48. Ke3 Bf3 49. h5 b5 50. Rh8+ Kg7 51. h6+ Kxh8 52. Ng6+ Kh7 53.
Nxe7 Kxh6 54. Kf4 Kg7 55. Nf5+ Kf7 56. Nh6+ Kg6 57. Nxg4 Bd5 58. Ne3 Be6 59. g4
Bf7 60. Ke4 Kg5 61. d5 cxd5+ 62. Nxd5 Be8 63. Nc7 Bc6+ 64. Kd4 Bd7 65. e6 1-0

[Event "British Columbia-ch"]
[Site "Victoria CAN"]
[Date "2014.10.12"]
[Round "5.2"]
[White "Yoos, John"]
[Black "Sohal, Tanraj"]
[Result "1/2-1/2"]
[WhiteElo "2371"]
[BlackElo "2355"]
[PlyCount "93"]
[EventDate "2014.10.10"]
[EventType "tourn"]
[EventRounds "7"]
[EventCountry "CAN"]

1. e4 e6 2. d4 d5 3. e5 c5 4. c3 Qb6 5. Nf3 Nc6 6. a3 Nh6 7. Bd3 cxd4 8. cxd4
Bd7 9. Bc2 g6 10. Nc3 Nf5 11. Ne2 Bg7 12. g4 Nfe7 13. h3 f6 14. exf6 Bxf6 15.
Rb1 O-O 16. Be3 Bg7 17. Nc3 Rxf3 18. Qxf3 Nxd4 19. Bxd4 Bxd4 20. O-O Rf8 21.
Qe2 Qd6 22. Kg2 Qf4 23. Rbe1 Nc6 24. Qd3 Ne5 25. Qg3 Qf3+ 26. Qxf3 Nxf3 27. Rd1
g5 28. Bd3 Nh4+ 29. Kg1 Bb6 30. Be2 Ng6 31. Bb5 Bc8 32. Ne2 a6 33. Bd3 Ne5 34.
Kg2 Bd7 35. b3 Bc6 36. f3 Nxd3 37. Rxd3 Bb5 38. Rd2 Be3 39. Ra2 d4 40. a4 Bc6
41. Ng3 Bd5 42. Rb2 Rc8 43. Ne4 Kg7 44. Rd1 Bc1 45. Re2 Be3 46. Rb2 Bc1 47. Re2
1/2-1/2

[Event "British Columbia-ch"]
[Site "Victoria CAN"]
[Date "2014.10.12"]
[Round "5.3"]
[White "Villavieja, Butch"]
[Black "Jiganchine, Roman"]
[Result "1-0"]
[WhiteElo "2226"]
[BlackElo "2208"]
[PlyCount "101"]
[EventDate "2014.10.10"]
[EventType "tourn"]
[EventRounds "7"]
[EventCountry "CAN"]

1. d4 d5 2. e4 c6 3. Nc3 dxe4 4. Nxe4 Bf5 5. Ng3 Bg6 6. h4 h6 7. Nf3 Nd7 8. h5
Bh7 9. Bd3 Bxd3 10. Qxd3 e6 11. Bf4 Qa5+ 12. Bd2 Qc7 13. O-O-O Ngf6 14. c4
O-O-O 15. Kb1 a6 16. Qe2 Bd6 17. Ne4 Nxe4 18. Qxe4 Nf6 19. Qe2 c5 20. Bc3 cxd4
21. Bxd4 Bc5 22. Bxc5 Qxc5 23. Ne5 Qc7 24. f4 Rxd1+ 25. Rxd1 Rd8 26. g4 Ne8 27.
Rxd8+ Kxd8 28. g5 Ke7 29. gxh6 gxh6 30. b3 Qd6 31. Kc2 Qd4 32. Qf3 Nd6 33.
Qxb7+ Kf6 34. Ng4+ Kg7 35. Qf3 Kf8 36. Qe3 Qxe3 37. Nxe3 Ne4 38. b4 Ke7 39. Ng4
Ng3 40. Nxh6 Nxh5 41. f5 Nf6 42. a4 Nd7 43. c5 Ne5 44. Kc3 exf5 45. Nxf5+ Ke6
46. Ne3 f5 47. Nc4 Nc6 48. b5 axb5 49. axb5 Nd8 50. c6 Nf7 51. b6 1-0

[Event "British Columbia-ch"]
[Site "Victoria CAN"]
[Date "2014.10.12"]
[Round "5.4"]
[White "Cao, Jason"]
[Black "Doknjas, John"]
[Result "1/2-1/2"]
[WhiteElo "2373"]
[BlackElo "2234"]
[PlyCount "55"]
[EventDate "2014.10.10"]
[EventType "tourn"]
[EventRounds "7"]
[EventCountry "CAN"]

1. e4 c5 2. Nf3 d6 3. d4 cxd4 4. Nxd4 Nf6 5. Nc3 a6 6. a4 g6 7. Be2 Bg7 8. O-O
O-O 9. Be3 Nbd7 10. f4 Qc7 11. h3 e5 12. Nb3 exf4 13. Bxf4 Ne5 14. Bg5 Ned7 15.
Qd2 Re8 16. Rf2 Nxe4 17. Nxe4 Rxe4 18. Qd5 Re6 19. Nd4 Qc5 20. Qxc5 Nxc5 21.
Nxe6 Bxe6 22. Rf4 Bxb2 23. Rd1 Be5 24. Rb4 a5 25. Rh4 f6 26. Be3 g5 27. Rc4
Bxc4 28. Bxc4+ 1/2-1/2

[Event "British Columbia-ch"]
[Site "Victoria CAN"]
[Date "2014.10.13"]
[Round "6.1"]
[White "Wu, Howard"]
[Black "Doknjas, John"]
[Result "1-0"]
[WhiteElo "2224"]
[BlackElo "2234"]
[PlyCount "231"]
[EventDate "2014.10.10"]
[EventType "tourn"]
[EventRounds "7"]
[EventCountry "CAN"]

1. e4 c5 2. Nf3 d6 3. d4 cxd4 4. Nxd4 Nf6 5. Nc3 a6 6. Bg5 e6 7. f4 b5 8. e5
dxe5 9. fxe5 Qc7 10. exf6 Qe5+ 11. Be2 Qxg5 12. O-O Qe5 13. Nf3 Bc5+ 14. Kh1
Qxf6 15. Ne4 Qe7 16. Ne5 O-O 17. Rxf7 Rxf7 18. Nxf7 Kxf7 19. Bh5+ Kg8 20. Nxc5
Ra7 21. Ne4 Rd7 22. Qe2 Rd8 23. Rf1 Rf8 24. Rxf8+ Qxf8 25. Qd3 Nc6 26. h3 Qe7
27. Qc3 Bb7 28. Nc5 Nd8 29. Nxb7 Qxb7 30. Bf3 Qd7 31. Qc5 Qd2 32. Qc7 Qg5 33.
Qd7 g6 34. g3 Qc1+ 35. Qd1 Qg5 36. Kg2 Nf7 37. c3 a5 38. Qd3 b4 39. cxb4 axb4
40. Qd4 Qa5 41. Qc4 Qb6 42. Bg4 Nd8 43. h4 Qd6 44. Bf3 Qd2+ 45. Qe2 Qd6 46. Qe3
Nf7 47. a3 bxa3 48. bxa3 Ne5 49. Qc3 Nxf3 50. Kxf3 Qd1+ 51. Kf2 Qd5 52. Qb4
Qf5+ 53. Kg1 Qe5 54. Kf2 Qf5+ 55. Kg2 Qc2+ 56. Kg1 Qd1+ 57. Kf2 Qc2+ 58. Ke3
Qf5 59. a4 Qe5+ 60. Kf2 Qf5+ 61. Kg1 Qf3 62. Qb8+ Kg7 63. Qe5+ Kg8 64. Qxe6+
Kg7 65. Qe5+ Kg8 66. a5 Qd1+ 67. Kf2 Qd2+ 68. Kf3 Qd3+ 69. Kf4 Qc4+ 70. Ke3
Qb3+ 71. Kd2 Qa2+ 72. Kd3 Qb3+ 73. Qc3 Qd5+ 74. Kc2 Qg2+ 75. Kb1 Qf1+ 76. Ka2
Qe2+ 77. Ka3 Qe7+ 78. Qb4 Qa7 79. Qb6 Qe7+ 80. Ka4 Qe8+ 81. Kb4 Qe4+ 82. Kc5
Qe5+ 83. Kc6 Qe6+ 84. Kb7 Qd7+ 85. Ka8 Qd5+ 86. Ka7 Qd7+ 87. Qb7 Qd4+ 88. Kb8
Qd6+ 89. Qc7 Qb4+ 90. Ka8 Qe4+ 91. Qb7 Qc4 92. a6 Qc3 93. a7 Qc5 94. Kb8 Qe5+
95. Kc8 Qe8+ 96. Kc7 Qe7+ 97. Kb8 Qe5+ 98. Qc7 Qb5+ 99. Kc8 Qf5+ 100. Kd8 Qf8+
101. Kd7 Qf5+ 102. Kd6 Qf6+ 103. Kd5 Qf3+ 104. Kc5 Qc3+ 105. Kb6 Qb4+ 106. Ka6
Qa4+ 107. Kb7 Qe4+ 108. Kb8 Qb4+ 109. Ka8 Qe4+ 110. Qb7 Qf5 111. Qb3+ Kg7 112.
Qc3+ Kg8 113. Qc4+ Kg7 114. Kb7 Qf3+ 115. Kb8 Qf8+ 116. Qc8 1-0